000 01023cam a2200241 4500
008 000000n2000 000 0 eng u
020 _a0727728385
035 _a(Sirsi) u105108
050 _a346.41077
100 _aJohnston, Scott
245 _aDebts and interest in the construction industry : a guide to the Late Payment of Commercial Debts (interest) Act 1998
260 _aLondon
_bThomas Telford
_c2000
300 _a145p. ; 21cm.
350 _a25.00
520 _aThis book provides practical assistance for creditors and debtors in dealing with The Late Payment of Commercial Debts (interest) Act 1998. Commentary on the existing law of interest on debts is also provided, as well as a review of how the courts, arbitrators and adjudicators deal with claims for interest and how these claims are made.
650 _aLATE PAYMENT OF COMMERCIAL DEBTS (INTEREST) ACT 1998
650 _aDEBT
650 _aCREDITORS
650 _aDEBTORS
650 _aContracts
_96232
690 _aLAW
942 _n0
999 _c100329
_d100329